00725 2200241 4500001002100000005001700021008004100038020001800079035002400097090001800121100002500139245011000164250001100274260002500285300001900310500004900329650003100378700002300409850001500432980001500447985000600462999001500468YOGYA-0209000000099820090227020412.0 ind  a979-433-092-2 0010-020900000000998 a297.63bMut M aMuthahhari, Murtadha aMenjangkau masa depanbbimbingan untuk generasi mudacMurtadha Muthahhari ; penerjemah, Muhammad Al-Baqir aCet. 1 aBandungbMizanc1996 a137 hlmc21 cm aJudul asli : Muhadharaf fi ad-din wabIndeks aIslam dan perubahan sosial aAl-Baqir, Muhammad aYOPDYOG(B) a07-01-2005 a1 a98P0115116